| 000 | 00818cam a2200253 a 4500 | ||
|---|---|---|---|
| 001 | 000019730 | ||
| 005 | 20200929170122.0 | ||
| 008 | 831228s1953 sp 001 f spa d | ||
| 035 | _a(DLC)a 53006064 | ||
| 035 | _a(OCoLC)10254287 | ||
| 040 |
_aDO-SdBNP _cCSfSt _dOCoLC _dCNE _dDLC |
||
| 082 |
_a863.6 _bG285s |
||
| 100 | 1 |
_aGaya Nuño, Juan Antonio, _d1913-1976 _942194 |
|
| 245 | 1 | 3 |
_aEl santero de San Saturio / _cJuan Antonio Gaya Nuño. |
| 260 |
_aMadrid : _bEspasa-Calpe , _c1953. |
||
| 300 |
_a172 p. ; _c18 cm. |
||
| 490 | 1 |
_aAustral. Azul: novelas y cuentos en general _v1377 |
|
| 650 | 4 |
_aNovela española _91123 |
|
| 650 | 4 |
_aLiteratura española _9632 |
|
| 830 | 0 |
_aAustral. _pAzul: novelas y cuentos en general; _v1377 _922386 |
|
| 910 | _aCatalogación derivada / LC | ||
| 910 | _aWM | ||
| 049 | _aBNGR | ||
| 999 |
_c19244 _d19244 |
||